Computer Fundamentals for Business Studies. (Record no. 85)
[ view plain ]
| 005 - DATE AND TIME OF LATEST TRANSACTION | |
|---|---|
| control field | 20250616125958.0 |
| 020 ## - INTERNATIONAL STANDARD BOOK NUMBER | |
| International Standard Book Number | 978-9987-9654-415-42-3 |
| 082 ## - DEWEY DECIMAL CLASSIFICATION NUMBER | |
| Classification number | 005.74 OGA |
| 100 ## - MAIN ENTRY--PERSONAL NAME | |
| Author name | OGAKHAN, N. |
| 245 ## - TITLE STATEMENT | |
| Title | Computer Fundamentals for Business Studies. |
| 260 ## - PUBLICATION, DISTRIBUTION, ETC. | |
| Place of publication, distribution, etc. | Dar es Salaam, |
| Date of publication, distribution, etc. | Nyamu Ogakhan, |
| Name of publisher, distributor, etc. | 2013. |
| 300 ## - PHYSICAL DESCRIPTION | |
| Extent | 301p.: ill.; picture |
| Dimensions | 25cm |
| 942 ## - ADDED ENTRY ELEMENTS (KOHA) | |
| Source of classification or shelving scheme | Dewey Decimal Classification |
| Koha item type | Books |
| Date last seen | Total checkouts | Full call number | Barcode | Cost, replacement price | Price effective from | Koha item type | Lost status | Source of classification or shelving scheme | Damaged status | Not for loan | Withdrawn status | Home library | Current library | Shelving location | Date acquired | Cost, normal purchase price |
|---|---|---|---|---|---|---|---|---|---|---|---|---|---|---|---|---|
| 03/06/2025 | 005.74 OGA | 000000167 | 75000.00 | 03/06/2025 | Books | Dewey Decimal Classification | College of Business Education Main Library | College of Business Education Main Library | Special Reserve Collection | 03/06/2025 | 25000.00 |
